000 01209nam a2200361 c 4500
001 6954
003 ES-MaCES
005 20250203132347.0
008 980518s1998 sp ||| | spa d
017 _aMU-475-1998
_bDL
020 _a8492191694
035 _aCES19980070210m
040 _aES-MaCES
_bspa
_cES-MaCES
100 1 _aMadrid Conesa, Fulgencio
_917252
245 1 3 _aLa naturaleza jurídica de los CES autonómicos
_cFulgencio Madrid Conesa
260 _a[Murcia]
_bConsejos Económicos y Sociales de las Comunidades Autónomas
_cD.L. 1998
300 _a368 p.
_c24 cm
541 _cGratuito
650 4 _aConsejos Económicos y Sociales
_930859
650 4 _acomisión consultiva
_929196
650 4 _apapel económico
_929542
650 4 _apapel social
_927285
650 4 _arégimen jurídico
_929894
650 4 _aEspaña
_926964
650 4 _aComunidades Autónomas
_930768
650 4 _atexto
_929624
650 4 _acomparación
_928892
653 1 0 _aAdministración-Instituciones públicas
710 2 _aConsejos Económicos y Sociales de las Comunidades Autónomas
_eed.
_92522
902 _aLIB Libro
942 _2CES
_cBK
_h6.3.
999 _c6954
_d6954